日本の省庁の外局 - Statistics

General Stats
  • This quiz has been taken 37 times
  • The average score is 9 of 27
Answer Stats
ヒント Answer % Correct
スポーツ庁
69%
気象庁
63%
林野庁
59%
防衛省 防衛装備庁
59%
消防庁
53%
金融庁
50%
経済産業省 資源エネルギー庁
50%
海上保安庁
47%
財務省 国税庁
44%
文部科学省 文化庁
44%
農林水産省 水産庁
44%
観光庁
44%
こども家庭庁
41%
国土交通省 運輸安全委員会
38%
国家公安委員会
34%
環境省 原子力規制委員会
34%
消費者庁
28%
特許庁
28%
内閣府 公正取引委員会
28%
中小企業庁
25%
公安調査庁
19%
法務省 出入国在留管理庁
16%
厚生労働省 中央労働委員会
9%
カジノ管理委員会
3%
公安審査委員会
3%
個人情報保護委員会
0%
総務省 公害等調整委員会
0%
No matching quizzes found
Score Distribution
Percent of People with Each Score
Percentile by Number Answered
Your Score History
You have not taken this quiz